| 000 | 01524nam a2200349 a 4500 | ||
|---|---|---|---|
| 001 | ebr10674788 | ||
| 003 | CaPaEBR | ||
| 006 | m o u | ||
| 007 | cr cn||||||||| | ||
| 008 | 150303s2013 enk sbi 001 0 eng d | ||
| 020 | _z9781118018095 | ||
| 020 | _z9781118541692 (e-book) | ||
| 040 |
_aCaPaEBR _cCaPaEBR |
||
| 035 | _a(OCoLC)847729056 | ||
| 050 | 1 | 4 |
_aPN6728.S9 _b.S866 2013eb |
| 082 | 0 | 4 |
_a741.5/9 _223 |
| 245 | 0 | 0 |
_aSuperman and philosophy _h[electronic resource] : _bwhat would the Man of Steel do? / _cedited by Mark D. White. |
| 260 |
_aChichester, West Sussex, U.K. : _bWiley-Blackwell, _cc2013. |
||
| 300 | _a1 online resource (vii, 478 p.). | ||
| 490 | 1 | _aBlackwell Philosophy and Popculture Series | |
| 504 | _aIncludes bibliographical references and index. | ||
| 533 |
_aElectronic reproduction. _bPalo Alto, Calif. : _cebrary, _d2015. _nAvailable via World Wide Web. _nAccess may be limited to ebrary affiliated libraries. |
||
| 588 | _aDescription based on online resource; title from title page (ebrary, viewed April 13, 2013). | ||
| 650 | 0 | _aSuperman (Fictitious character) | |
| 650 | 0 | _aPhilosophy in literature. | |
| 650 | 0 |
_aComic books, strips, etc. _xMoral and ethical aspects. |
|
| 655 | 7 |
_aElectronic books. _2local |
|
| 700 | 1 |
_aWhite, Mark D., _d1971- |
|
| 710 | 2 | _aebrary, Inc. | |
| 830 | 0 | _aBlackwell philosophy and popculture series. | |
| 856 | 4 | 0 |
_uhttp://site.ebrary.com/lib/rucke/Doc?id=10674788 _zAn electronic book accessible through the World Wide Web; click to view |
| 999 |
_c57244 _d57244 |
||